Plec de prescripcions tècniques dels projectes d'urbanització d'espai públic urbà / autora: Ània Pluma Vilanova Ània Pluma Vilanova
ISBN:
978-84-9803-370-0
Publicado:
Barcelona :
Diputació de Barcelona. Àrea d'Infraestructures, Urbanisme i Habitatge. Servei d'Equipaments i Espai Públic ,
2010
Descripción Física:
57 p. : taules ; 29 cm
Colección:
Documents de treball. Territori ; 14
MARC
| LEADER | 00000nam a2200000Ia 4500 | ||
|---|---|---|---|
| 001 | 22511 | ||
| 008 | 160829s2010 xx 000 0 cat d | ||
| 020 | |a 978-84-9803-370-0 | ||
| 080 | |a C-3-280 | ||
| 100 | |a Pluma Vilanova, Ània |9 2400 | ||
| 245 | |a Plec de prescripcions tècniques dels projectes d'urbanització d'espai públic urbà / autora: |b Ània Pluma Vilanova | ||
| 260 | |a Barcelona : |b Diputació de Barcelona. Àrea d'Infraestructures, Urbanisme i Habitatge. Servei d'Equipaments i Espai Públic, |c 2010 | ||
| 300 | |a 57 p. : |b taules ; |c 29 cm | ||
| 490 | |a Documents de treball. Territori ; 14 | ||
| 650 | |a Construcció |x Projectes |9 24549 | ||
| 650 | 0 | |a Urbanisme |v Projectes |9 5315 | |
| 710 | |a Barcelona (Catalunya : Província). |b Servei d'Equipaments i Espai Públic |9 53769 | ||
| 901 | |a Arxiu | ||
| 942 | |n 1 | ||
| 952 | |0 0 |1 0 |4 0 |6 C3280 |7 1 |9 51704 |a Arxiu |b Arxiu |d 2016-12-01 |l 0 |o C-3-280 |p 22511 |r 2016-12-01 00:00:00 |w 2016-12-01 |y ARXIU | ||
| 999 | |c 55549 |d 55549 | ||